| 000 | 00382nam a2200145Ia 4500 | ||
|---|---|---|---|
| 008 | 230917s9999||||xx |||||||||||||| ||und|| | ||
| 040 |
_e38859 _aMAIN |
||
| 041 | _aEnglish | ||
| 082 | _a823.09 H497A | ||
| 100 | _aHewitt, Douglas | ||
| 245 | 4 | _aThe approach to ficiton: good and bad readings of novels | |
| 260 |
_aLondon _bLongman group _c1972 |
||
| 300 | _a198 p. | ||
| 942 | _cBK | ||
| 999 |
_c193301 _d193301 |
||